000 00769nam a22002297a 4500
999 _c376
_d376
003 AR-CdUCM
008 190223b ||||| |||| 00| 0 spa d
020 _a8470760025
040 _aMUNICIPALIDAD PROVINCIAL DEL CUSCO
_cBIBLIOTECA MUNICIPAL DEL CUSCO
082 _a858.8 /
_bSA164
100 _aSalgari, Emilio
_9800
245 _aLa MontaƱa de Luz /
260 _aMadrid :
_bGahe,
_c1975.
300 _a215 paginas ;
_b8 Ilustraciones.
_c20 cm.
505 _aEl asalto de la pantera -- El misterio de Dhundia -- El fakir -- Una lucha formidable -- El odio de un ministro...
650 _aRayos de sol
_91518
650 _aAlto planicies
_91519
650 _aNevados
_91520
650 _aAnimales ferozes
_91521
942 _2ddc
_cLIBROS
945 _awnts
_d2019-02-23